Exploited children : (Record no. 66215)

MARC details
000 -LEADER
fixed length control field 00664nam a22001577a 4500
005 - DATE AND TIME OF LATEST TRANSACTION
control field 20120505130325.0
020 ## - INTERNATIONAL STANDARD BOOK NUMBER
International Standard Book Number 8173913420
Terms of availability 00.00
035 ## - SYSTEM CONTROL NUMBER
System control number B-19315
037 ## - SOURCE OF ACQUISITION
Stock number DPL
Source of stock number/acquisition ENG
245 ## - TITLE STATEMENT
Title Exploited children :
Remainder of title A comprehensive blueprint for child labour rehabilitation /
Statement of responsibility, etc edited by M. Koteswara Rao
260 ## - PUBLICATION, DISTRIBUTION, ETC. (IMPRINT)
Place of publication, distribution, etc New Delhi
Name of publisher, distributor, etc Kanishka Publishers Distributors
Date of publication, distribution, etc 2000
300 ## - PHYSICAL DESCRIPTION
Extent xiii, 416p.
Dimensions 20 cms.
700 ## - ADDED ENTRY--PERSONAL NAME
Personal name Rao, M. Koteswara
9 (RLIN) 46482
942 ## - ADDED ENTRY ELEMENTS (KOHA)
Source of classification or shelving scheme Dewey Decimal Classification
Item type English Books
Classification part 331.310954
Call number suffix EXP
Holdings
Withdrawn status Lost status Not for loan Collection code Home library Current library Date acquired Cost, normal purchase price Full call number Barcode Cost, replacement price Koha item type
      Non-fiction Sarojini Nagar Sarojini Nagar 05/05/2012 0.00 331.310954 EXP B-19315 0.00 English Books

© Delhi Public Library
Hit Counter
free hit counter